000 00645nam a2200229Ia 4500
003 OSt
005 20220923230214.0
006 a|||||r|||| 00| 0
007 ta
008 Pun
024 _a278,304
037 _cTextual
040 _aARTS
_cARTS
_bPun
041 _2Pun
_aPun
082 _aO153,3N32:g, M5
100 _aਸਿੰਘ, ਨਰਵਿੰਦਰ
245 0 _aਗੁਰਦਿਆਲ ਸਿੰਘ ਦਾ ਗਲਪ ਪੈਰਾਡਾਇਸ
260 _c1985
650 _aਪੰਜਾਬੀ ਸਾਹਿਤ
942 _hO153,3N32:g, M5
_cTEXL
_2CC
999 _c383232
_d383232